| 000 | 00000nam##2200000za#4500 |
| 001 | 9.641892 |
| 003 | CaOODSP |
| 005 | 20210624223432 |
| 007 | cr ||||||||||| |
| 008 | 150407|2001||||xxc|||||o f|0| 0 fre|d |
| 040 | |aCaOODSP|bfre |
| 043 | |an-cn--- |
| 086 | 1 |aR2-148/2001F-PDF |
| 110 | 1 |aCanada.|bAffaires indiennes et du Nord. |
| 245 | 10|aLes prénoms autochtones de mes amis internautes |h[ressource électronique] |
| 260 | |aOttawa - Ontario : |bAffaires indiennes et du Nord |c2000. |
| 300 | |a4p.|bill. en couleur |
| 500 | |aLe n° de catalogue (R2-148/2001F) et l'ISBN (0-662-85672-4) de l'édition imprimée ont été incorrectement copiés dans la version électronique. |
| 590 | |a13-13-Supp|b2013-05-21 |
| 691 | 07|aCulture autochtone|2gcpds |
| 775 | 08|tLearn about aboriginal names |w(CaOODSP)9.697901 |
| 776 | 0#|tLes prénoms autochtones de mes amis internautes |w(CaOODSP)9.681460 |
| 856 | 40|ahttp://publications.gc.ca|qPDF|s384 Ko|uhttps://publications.gc.ca/collections/collection_2013/aadnc-aandc/R2-148-2001-fra.pdf |
| 986 | |aQS-6120-014FF-A1 |